The Slow Rush - Tame Impala - Statistics

General Stats
  • This quiz has been taken 64 times
  • The average score is 9 of 12
Answer Stats
Hint Answer % Correct
1 One More Year
95%
3 Borderline
91%
12 One More Hour
91%
11 Glimmer
76%
5 Breathe Deeper
72%
9 Is It True
69%
8 Lost In Yesterday
69%
2 Instant Destiny
66%
4 Posthumous Forgiveness
62%
10 It Might Be Time
60%
6 Tomorrow's Dust
57%
7 On Track
53%
No matching quizzes found
Score Distribution
Percent of People with Each Score
Percentile by Number Answered
Your Score History
You have not taken this quiz